THE PRIME MINISTER'S SPEECH TO ECCLESIASTICAL LEADERS (Record no. 125042)
[ view plain ]
| 000 -LEADER | |
|---|---|
| fixed length control field | 00464nam a22001457a 4500 |
| 005 - DATE AND TIME OF LATEST TRANSACTION | |
| control field | 20160816121240.0 |
| 008 - FIXED-LENGTH DATA ELEMENTS--GENERAL INFORMATION | |
| fixed length control field | 160816b xxu||||| |||| 00| 0 eng d |
| 050 ## - LIBRARY OF CONGRESS CALL NUMBER | |
| Classification number | SPC BR1147.M951 |
| 100 ## - MAIN ENTRY--PERSONAL NAME | |
| Personal name | Mugabe, Robert |
| 9 (RLIN) | 25157 |
| 245 ## - TITLE STATEMENT | |
| Title | THE PRIME MINISTER'S SPEECH TO ECCLESIASTICAL LEADERS |
| Statement of responsibility, etc | by Mugabe, Robert |
| 260 ## - PUBLICATION, DISTRIBUTION, ETC. (IMPRINT) | |
| Place of publication, distribution, etc | Harare |
| Name of publisher, distributor, etc | Government Printers |
| Date of publication, distribution, etc | 1983 |
| 300 ## - PHYSICAL DESCRIPTION | |
| Extent | 8p.; |
| Dimensions | 21cm. |
| 650 ## - SUBJECT ADDED ENTRY--TOPICAL TERM | |
| Topical term or geographic name as entry element | Church and State |
| Geographic subdivision | Zimbabwe |
| 9 (RLIN) | 25158 |
| 942 ## - ADDED ENTRY ELEMENTS (KOHA) | |
| Source of classification or shelving scheme | Library of Congress Classification |
| Item type | Monograph ( Printed materials) |
| Withdrawn status | Lost status | Source of classification or shelving scheme | Damaged status | Not for loan | Collection code | Home library | Current library | Shelving location | Date acquired | Total Checkouts | Full call number | Barcode | Date last seen | Price effective from | Koha item type |
|---|---|---|---|---|---|---|---|---|---|---|---|---|---|---|---|
| Library of Congress Classification | Main Collection | ARRUPE LIBRARY | ARRUPE LIBRARY | Main Collection | 16/08/2016 | SPC BR1147.M951 | 46500008344 | 16/08/2016 | 16/08/2016 | Monograph ( Printed materials) |